Регионална библиотека "Любен Каравелов" - Русе

Котаракът и мишката - съюзници (Запис номер 141189)

MARC детайли
000 -Лидер
Контролно поле с фиксирана дължина 01437nam a2200325 c 4500
003 - Код на организацията, давaща контролен номер
Контролно поле BLK
005 - Дата и час на последна редакция
Контролно поле 20180422112324.0
008 - Елементи от данни с фиксирана дължина
fixed length control field 180409b bul|||||r ||||||| ||bul||
010 ## - Наследен системен номер
LC control number KNG00147259000
040 ## - Източник на каталожния запис
Идентификатор на билиотеката - собственик на записа BLK
041 ## - Код за език
Код за езика на текст/звукозапис или на отделно заглавие Български
Код за езика КДБФ Български
080 ## - УДК
Текстов определител УДК Българска литература
УДК код - определител по УДК 821.163.2
УДК определител -93-34
УДК - код + определител 821.163.2-93-34
100 1# - Редна дума - Автор
Автор Гривек, Кирил
Авторска отговорност първи автор
Автор - информация (биография) Добрев, Кирил Илиев
R(LIN) 56021
139 ## - Редно поле
Редна дума Гривек, Кирил
Авторски знак Гри - Г 81
245 10 - Сведения за заглавието
Заглавие Котаракът и мишката - съюзници
Подзаглавни данни Приказка
Редно поле (дума) Кирил Гривек; худож. Йордан Георгиев-Шмайзер.
257 ## - Страна на издаване
Страна на създаване/издаване България
260 ## - Област на издателските данни
-- София
Име на издателя, разпространителя и проч. Бълг. художник
Година на издаване 1969
300 ## - Физическа характеристика
Страници 16 с.
Илюстрации и др. с ил.
Размери/Мащаб 18 см
380 ## - Жанр
Жанр Детска худож. лит.
490 1# - СЕРИИ (Колекции)
Име на серия Детска библиотека Медени звънчета
№: серия № 3
500 ## - Общи забележки
Забележка Кор. опис. - Кн. е включена в кутия със загл. Медени звънчета. - 50 000 тир.
653 ## - Ключова дума – ненормативна
Ключова дума литература за деца
653 ## - Ключова дума – ненормативна
Ключова дума детска литература
700 1# - Други автори (авторска отговорност)
Лично име Георгиев-Шмайзер, Йордан
Автороска отговорност (Описва отношението между автора и произведението) худож.
9 (RLIN) 379351
852 ## - Местоположение
Форматна сигнатура Цб I 34945
856 4# - Електронен адрес и достъп
Електронен формат pdf - файл
Път до файла /url/
856 4# - Електронен адрес и достъп
Електронен формат pdf - файл
Път до файла /url/
942 ## - АРТИКУЛИ
Вид на библиотечния материал Книги
Скрит в OPAC Не
944 ## - СЪЗДАВАНЕ И РЕДАКЦИЯ на ЗАПИСА
Създаване/Редакция Създаване
Дата на регистрацията/редакция 25.07.2013
Статус, дата на статуса 25.07.2013 - от С1,Р / 25.07.2013
Служител, извършил регистрацията/редакцията Люсиена_Милчева
944 ## - СЪЗДАВАНЕ И РЕДАКЦИЯ на ЗАПИСА
Създаване/Редакция Редакция
Дата на регистрацията/редакция 25.07.2013
Статус, дата на статуса 25.07.2013 - от С1,Р / 25.07.2013
Служител, извършил регистрацията/редакцията
999 ## - СИСТЕМНИ КОНТРОЛНИ НОМЕРА
Koha biblionumber 141189
Koha biblioitemnumber 141189
Наличности
Код за отписване Код за изгубен артикул Източник на класификационната схема Код за повреда Коз за рестрикции Код за отдаване Артикулен № Име на библиотеката - собственик Име на библиотеката, в която се намира в момента Статус (Текущо местоположение) Дата на вписване в системата Местоположение - отдел Цена в лева Инвентарен номер Систематично азбучна сигнатура Баркод Номер на екземпляра Цена в евро Служебна бележка Служебен тип на артикула
  Не е изгубен Universal Decimal Classification Не е повреден без рестрикции ползва се в читалня 232259 Регионална библиотека "Любен Каравелов" Русе Регионална библиотека "Любен Каравелов" Русе Хранилище 1969-01-01 Хранилище 0.09 58462 Цб I 34945 120000058462 1 0.05 Вид: СФ N: стар фонд Дата: 01.01.1969 Книги
Изтеглен Не е изгубен Universal Decimal Classification Не е повреден без рестрикции заемане за дома 232260 Регионална библиотека "Любен Каравелов" Русе Регионална библиотека "Любен Каравелов" Русе Детски отдел 1969-01-01 Детски отдел 0.09 58383 ДХ 886.7/Г 81 58383 2 0.05 Вид: СФ N: стар фонд Дата: 01.01.1969 Дата инв: 27.08.2015 Бележки инв: Д2015 Книги
Vip Innovations Ltd, Rousse, Bulgaria 2025